00374nam a2200133Ia 450000500170000000800460001703700290006304000200009204100130011208400260012524500700015126000090022130000100023020250508153753.0008 250505s9999 xx 000 0 hin d aBooks to be hide in OPAC aFEDLbengcFEDL ahin2eng a379.5435, UTT/OqFEDL 0aShiksha Vibhag, Uttar Pradesh ki varshik vyakhya (31 March, 1951) c1952 a133p.